Tracing cosmic evolution with galaxy clusters (Record no. 15253)
[ view plain ]
| 000 -LEADER | |
|---|---|
| fixed length control field | 00961nam a2200253Ia 4500 |
| 003 - CONTROL NUMBER IDENTIFIER | |
| control field | IN-BaIIA |
| 008 - FIXED-LENGTH DATA ELEMENTS--GENERAL INFORMATION | |
| fixed length control field | 211028s9999 xx 000 0 eng d |
| 020 ## - INTERNATIONAL STANDARD BOOK NUMBER | |
| International Standard Book Number | 1-58381-108-7 |
| 040 ## - CATALOGING SOURCE | |
| Transcribing agency | IIA Library |
| 080 ## - UNIVERSAL DECIMAL CLASSIFICATION NUMBER | |
| Universal Decimal Classification number | 082.2:52 |
| Item number | ASP-268 |
| 111 ## - MAIN ENTRY--MEETING NAME | |
| Meeting name or jurisdiction name as entry element | Sesto-2001 Workshop |
| Location of meeting | Italy |
| Date of meeting or treaty signing | 2001 July 3-6 |
| 9 (RLIN) | 28118 |
| 245 #0 - TITLE STATEMENT | |
| Title | Tracing cosmic evolution with galaxy clusters |
| Remainder of title | proceedings of the Sesto-2001 workshop held in Sesto Pusteria, Italy, 3-6 Jul 2001 |
| Statement of responsibility, etc. | edited by S. Borgani, M. Mezzetti and R. Valdarnini |
| 260 ## - PUBLICATION, DISTRIBUTION, ETC. | |
| Place of publication, distribution, etc. | California |
| Name of publisher, distributor, etc. | Astronomical Society of the Pacific |
| Date of publication, distribution, etc. | 2002 |
| 300 ## - PHYSICAL DESCRIPTION | |
| Extent | xxv, 468p. |
| 490 ## - SERIES STATEMENT | |
| Series statement | ASP conference series; v. 268 |
| 650 ## - SUBJECT ADDED ENTRY--TOPICAL TERM | |
| Topical term or geographic name entry element | Astronomy |
| 9 (RLIN) | 80 |
| 650 ## - SUBJECT ADDED ENTRY--TOPICAL TERM | |
| Topical term or geographic name entry element | Cosmic evolution |
| 9 (RLIN) | 23235 |
| 650 ## - SUBJECT ADDED ENTRY--TOPICAL TERM | |
| Topical term or geographic name entry element | Galaxies |
| 9 (RLIN) | 1286 |
| 650 ## - SUBJECT ADDED ENTRY--TOPICAL TERM | |
| Topical term or geographic name entry element | Galaxy clusters |
| 9 (RLIN) | 13872 |
| 700 ## - ADDED ENTRY--PERSONAL NAME | |
| Personal name | Borgani, S., ed. |
| 9 (RLIN) | 28119 |
| 700 ## - ADDED ENTRY--PERSONAL NAME | |
| Personal name | Mezzetti, M., ed. |
| 9 (RLIN) | 13522 |
| 700 ## - ADDED ENTRY--PERSONAL NAME | |
| Personal name | Valdarnini, R., ed. |
| 9 (RLIN) | 28120 |
| 942 ## - ADDED ENTRY ELEMENTS (KOHA) | |
| Koha item type | Books |
| Withdrawn status | Lost status | Damaged status | Not for loan | Home library | Current library | Shelving location | Date acquired | Total Checkouts | Full call number | Barcode | Date last seen | Price effective from | Koha item type |
|---|---|---|---|---|---|---|---|---|---|---|---|---|---|
| IIA Library-Bangalore | IIA Library-Bangalore | General Stacks | 26/07/2003 | 082.2:52/ ASP-268 | 16175 | 05/11/2021 | 26/07/2003 | Books |